000 00765nam a2200205 a 4500
020 _a0889362858 (pbk.)
040 _cDLC
082 0 _a633 IDR 1981 C149 Or.
245 1 0 _aTropical root crops :
_bresearch strategies for the 1980s : proceedings of the First Triennial Root Crops Symposium of the International Society for Tropical Root Crops--Africa Branch, 8-12 September 1980, Ibadan, Nigeria /
260 0 _aOttawa :
_bInternational Development Research Centre,
_cc1981
300 _a279 p. :
_bill. ;
_c25 cm
500 _a"IDRC-163e."
650 0 _aRoot crops
650 0 _aTropical crops
700 1 0 _aTerry, E. R
700 1 0 _aOduro, K. A
700 1 0 _aCaveness, Fields E
710 2 0 _aInternational Society for Tropical Root Crops.
942 _cAEDBB
999 _c18635
_d18635